Logo BPK

Biblioteka

Politechniki Koszalińskiej

Geschichte der deutschen Literatur von den Anfägen bis zur Gegenwart. (Rekord nr 50310)

Szczegóły MARC
000 -ETYKIETA REKORDU
podpole kontrolne o stałej długości 00785nam a2200217 i 4500
001 - NUMER KONTROLNY REKORDU
pole kontrolne bgj
040 ## - ŹRÓDŁO KATALOGOWANIA
Instytucja, która utworzyła rekord BPK
041 0# - KOD JĘZYKA
Kod języka tekstu ger
008 - POLE O STAŁEJ DŁUGOŚCI - DANE KONTROLNE
podpole kontrolne o stałej długości s gw f |000 0 ger
100 1# - NAZWA OSOBOWA
Nazwa osobowa NEWALD, Richard
245 00 - TYTUŁ/ODPOWIEDZIALNOŚĆ
Tytuł Geschichte der deutschen Literatur von den Anfägen bis zur Gegenwart.
Oznaczenie części/sekcji dzieła Band 5,
Tytuł części/sekcji dzieła Die deutsche Literatur vom Späthumanismus zur Empfindsamkeit : 1570-1750 /
Pozostałe elementy strefy tytułu i oznaczenia odpowiedzialności Von Helmut de Boor und Richard Newald.
260 ## - STREFA ADRESU WYDAWNICZEGO
Miejsce wydania München :
Nazwa wydawcy/dystrybutora C. H. Beck'sche Verlagsbuchhandlung,
Data publikacji, dystrybucji/powstania dokumentu 1967.
300 ## - STREFA OPISU FIZYCZNEGO
Objętość 592 S. ;
Rozmiary 23 cm.
504 ## - UWAGA DOTYCZĄCA BIBLIOGRAFII
Informacje o bibliografii Bibliographie S. 523-556.
505 ## - SFORMALIZOWANA UWAGA DOTYCZĄCA ZAWARTOŚCI
Pełny tekst uwagi Register.
650 #9 - HASŁO PRZEDMIOTOWE W FORMIE NAZWY OGÓLNEJ LUB JEDNOSTKOWEJ
Nazwa ogólna lub geograficzna Deutsche Literatur
Określnik ogólny Geschichte
Określnik chronologiczny 16 Jahrhundert
650 #9 - HASŁO PRZEDMIOTOWE W FORMIE NAZWY OGÓLNEJ LUB JEDNOSTKOWEJ
Nazwa ogólna lub geograficzna Deutsche Literatur
Określnik ogólny Geschichte
Określnik chronologiczny 18 Jahrhundert
650 #9 - HASŁO PRZEDMIOTOWE W FORMIE NAZWY OGÓLNEJ LUB JEDNOSTKOWEJ
Nazwa ogólna lub geograficzna Barock
700 1# - HASŁO DODATKOWE - NAZWA OSOBOWA
Nazwa osobowa BOOR, Helmut
Dopowiedzenie (de)
942 ## - DODATKOWE ELEMENTY (KOHA)
Typ dokumentu Książka
Egzemplarze
Wycofany Status egzemplarza Uszkodzony Dostępność Lokalizacja stała Lokalizacja bieżąca Miejsce przechowywania Sygnatura Kod kreskowy Typ dokumentu
      Dostępny Biblioteka Politechniki Koszalińskiej Biblioteka Politechniki Koszalińskiej Wypożyczalnia Językowa N 201 09046573 Książka
© 2023 Biblioteka Politechniki Koszalińskiej :: KOHA